000 00401nam a2200157Ia 4500
008 221030s9999 xx 000 0 und d
020 _a8121906547
041 _aEnglish
082 _a105.23
_bKhu
100 _aR. S. Khurmi
245 0 _aSteam Tables With Mollier Diagram In S.I.Units
_cby R. S. Khurmi
260 _bS. Chand
_aNew Delhi
_c2001
300 _a23
650 _aMechanical
942 _cBK
999 _c2448
_d2448